n'oubliez pas les paroles spécial années 80 #1 - Statistiques

Statistiques générales
  • Ce quiz a été pris 351 fois
  • Le résultat moyen est 2 sur 5
Statistiques - réponses
Musiques Paroles manquantes % Correct
Elle l'a, elle l'a - France Gall Tapes sur des tonneauxSur des pianos Sur tout ce que Dieu peut te mettre entre ___ _____. les mains
95%
En rouge et noir - Jeanne Mas En rouget et noir, mes luttes mes faiblesses,Je les connais, je voudrais tellement qu'elle s'arrêtent; En rouge et noir, drapeau de mes colères, Je réclame __ ___ __ _________. un peu de tendresse
33%
L'aventurier - Indochine Avec l'ami Bill Ballantine Sauvé de ________ ___ __________ ____ __ ______ ___ ________. justesse des Crocodiles. Stop au trafic des Caraïbes.
29%
Encore et encore - Francis Cabrel L'instant d'après le vent se déchaineLes heures s'allongent comme des semaines __ __ _________ _____ ______ ___ _____. Tu te retrouves seule assise par terre
21%
Au bout de mes rêves - Jean-Jacques GoldmanEt même si tu me laisses Au creux d'un mauvais détour __ ___ _______ __ _'__ _____ __ _____ __ ___ ______. En ces moments où l'on teste. La force de nos amours.
4%
Aucun quiz correspondant
Distribution des résultats
% des personnes avec chaque résultat
Percentile par nombre de réponses
Votre historique - résultats
Vous n’avez pas pris ce quiz